00866 2200313 4500001002100000005001500021035002000036007000300056040001700059100002600076245007800102250001000180300003400190020001800224041000800242082001200250084001800262090002600280264003300306336002100339337003000360338002300390650001900413850001000432008004100442990002300483990002300506990002300529INLIS00000000000947820260420095620 a0010-1222000083ta aSBPUPADbind0 aTransMediaePengarang1 aSudoku :bpermainan pengasah otak yang bikin penasaran /cTransmedia Team aCet.3 aiv, 68 hlm. :bilus. ;c19 cm a979-799-006-00 aind a793.513 a793.513 TRA s a639.3 CAH p L 19 R 10 aJakarta :bTransMedia,c2006 2rdacontentateks 2rdamediaatanpa perantara 2rdacarrieravolume 4aPermainan Anak aPUPAD260420 0  a6094/BR/ARPUS/2007 a6096/BR/ARPUS/2007 a6100/BR/ARPUS/2007